Представление документа в формате RUSMARC

ПолеНазваниеЗначение
  Тип записи a
  Библиографический уровень m
001 Контрольный номер RU/CBS_UL/BASE/a7dd9b85b42b4f7fa9ea0edcce2534da
005 Дата корректировки 20240716150625.0
010 Индекс ISBN __
d Цена 621 р. 00 к.
9 Тираж экз.
100 Данные общей обработки __
a Данные общей обработки 20240716d 0rusy0189## ca
101 Язык документа 0_
a Язык текста rus
102 Страна публикации __
a Страна публикации RU
200 Заглавие и сведения об ответственности 1_
a Заглавие Вильялмур Стефансон (1879-1962)
f Первые сведения об ответственности Е. А. Ольхина
205 Сведения об издании __
a Основные сведения об издании 2-е изд., доп.
210 Выходные данные 1_
a Место издания Москва
c Издательство Наука
d Дата издания 1979
215 Физическое описание __
a Объем 103 с.
c Иллюстрации/тип воспроизводства ил.
d Формат см.
225 Серия 2_
a Серия Научно-биографическая серия
300 Общие примечания __
a Общие примечания 16+
300 Общие примечания __
a Общие примечания Под инв. номером 54417: 5н-1
606 Тематические рубрики 0_
a Основная рубрика Географические открытия и исследования, американские - Арктика
610 Ключевые слова 0_
a Ключевые слова открытия географические
610 Ключевые слова 0_
a Ключевые слова исследователи арктические
610 Ключевые слова 0_
a Ключевые слова экспедиции арктические
686 Индексы других классификаций __
2 Код системы rubbk
a Классификационный индекс 26.8г
700 Автор _1
a Фамилия Ольхина
b Имя (инициалы) Е. А.
g Полное личное имя Евгения Александровна
801 Источник записи _0
a Страна RU
b Организация МБУК ЦБС г. Ульяновска
c Дата составления 20240716
g Правила каталогизации RCR
801 Источник записи _1
a Страна RU
b Организация МБУК ЦБС г. Ульяновска
c Дата составления 20240716
g Правила каталогизации RCR
852 Данные о местонахождении __
i Авторский знак О-56
j Шифр хранения 26.8
901 Тип документа __
t Тип документа m
909 Создатель записи __
a Создатель записи obr3
b Дата создания записи 20240716